[Event "BL2-W9899"]
[Site "Germany"]
[Date "1999.01.31"]
[Round "5.7"]
[White "Molinaroli, Martin"]
[Black "Matthaei, Alexander"]
[Result "1/2-1/2"]
[WhiteElo "2210"]
[BlackElo "2370"]

1.d4 g6 2.e4 Bg7 3.Nc3 d6 4.Be2 e5 5.dxe5 dxe5 6.Qxd8+ Kxd8 7.Bc4 f6 8.Be3 Nd7
9.O-O-O Bh6 10.Bxh6 Nxh6 11.f3 c6 12.h4 Ke7 13.h5 g5 14.g4 b5 15.Bb3 Nc5
16.Nge2 a5 17.a3 Nxb3+ 18.cxb3 Be6 19.Kc2 Rhb8 20.b4 Nf7 21.Ng3 Nd6 22.Nf5+ Nxf5
23.exf5 Bf7 24.Rd2 a4 25.Rhh2 Bc4 26.h6 Rd8 27.Ne4 Rd4 28.Rxd4 exd4 29.Kd2 Rd8
30.Rh1 Kf7 31.Re1 Rd5 32.Nc5 Rd8 33.Nb7 Rd7 34.Nc5 Re7 35.Rxe7+ Kxe7 36.Ne4 Bf1
37.Ke1 Bd3 38.Nc5 Bc4 39.Kd2 Kd6 40.Ke1 Ba2 41.Ke2 Bd5 42.Kf2 Bc4 43.Ke1 Bb3
44.Kd2 Bc4 45.Ke1 Bb3 46.Kd2 Bc4  1/2-1/2

[Event "BL2-W9899"]
[Site "Germany"]
[Date "1999.01.31"]
[Round "5.7"]
[White "Van der Veen, Heinz"]
[Black "Meyer, Armin"]
[Result "1/2-1/2"]
[WhiteElo "2255"]
[BlackElo "2285"]

1.e4 g6 2.d4 Bg7 3.Nc3 d6 4.g3 Nf6 5.Bg2 O-O 6.Nge2 e5 7.h3 Nc6 8.Be3 Bd7
9.O-O a6 10.a4 exd4 11.Nxd4 Re8 12.Re1 Qc8 13.Kh2 h5 14.Nxc6 Bxc6 15.Bd4 Qd7
16.Qd2 Re6 17.f3 Qe8 18.Bf1 Nd7 19.Bxg7 Kxg7 20.Nd5  1/2-1/2

[Event "BL2-N9899"]
[Site "Germany"]
[Date "1999.01.31"]
[Round "5.1"]
[White "Muse, Mladen"]
[Black "Bangiev, Alexander"]
[Result "1-0"]
[WhiteElo "2440"]
[BlackElo "2395"]

1.d4 g6 2.e4 Bg7 3.Nc3 d6 4.Be3 Nd7 5.Qd2 a6 6.f3 c5 7.dxc5 Nxc5 8.Bc4 Be6
9.Bxe6 Nxe6 10.Nd5 Nf6 11.Bh6 Nxd5 12.Bxg7 Nxg7 13.Qxd5 Qb6 14.O-O-O Qe3+
15.Kb1 O-O 16.Nh3 Rac8 17.Rhe1 Qc5 18.Qd2 Ne6 19.f4 Rc6 20.Re3 Rfc8 21.c3 Qb5
22.f5 gxf5 23.Rg3+ Kh8 24.Ng5 Nxg5 25.Qxg5 Qe5 26.exf5 Rc5 27.Re3 Qxf5+ 28.Qxf5 Rxf5
29.Rxe7 Rf2 30.Rxd6 Rg8 31.g3 f5 32.Rh6 Rg7 33.Re8+ Rg8 34.Re7 Rg7 35.Re8+ Rg8
36.Rxg8+ Kxg8 37.a4 Kg7 38.Rh4 Kg6 39.a5 h5 40.c4 Kg5 41.c5 Re2 42.Rb4 Rxh2
43.Rxb7 h4 44.gxh4+ Rxh4 45.b3 f4 46.Rf7 Kg4 47.Kc2 f3 48.Kd3 Rh1 49.c6 Rc1
50.c7 Kg3 51.Ke3 Rc3+ 52.Kd4 Rc1 53.Kd5 f2 54.Kd6 Rc3 55.b4 Kg2 56.Kd7  1-0

[Event "Nova Gorica op"]
[Site "Nova Gorica"]
[Date "1999.02.02"]
[Round "6"]
[White "Djurkovic, Maks"]
[Black "Badea, Bela"]
[Result "0-1"]
[WhiteElo "2145"]
[BlackElo "2479"]

1.d4 d6 2.e4 g6 3.Nc3 Bg7 4.Nge2 Nd7 5.g3 e5 6.Bg2 Ne7 7.O-O O-O 8.dxe5 Nxe5
9.f4 N5c6 10.Nb5 f5 11.e5 a6 12.Nxc7 Qxc7 13.exd6 Qb6+ 14.Kh1 Be6 15.dxe7 Nxe7
16.c3 Rad8 17.Qa4 Rfe8 18.Nd4 Bxd4 19.cxd4 Bd5 20.Re1 Kf7 21.Bxd5+ Nxd5 22.Re5 Rxe5
23.fxe5 Qb4 24.Qxb4 Nxb4 25.a3 Nc6  0-1

[Event "Malaga op"]
[Site "Malaga"]
[Date "1999.02.07"]
[Round "5"]
[White "Osuna Vega, Enrique"]
[Black "Garcia Martinez, Silvino"]
[Result "1/2-1/2"]
[WhiteElo "2200"]
[BlackElo "2420"]

1.e4 g6 2.d4 Bg7 3.Nc3 d6 4.Be3 Nf6 5.Qd2 a6 6.Bh6 O-O 7.O-O-O b5 8.f3 Bb7
9.h4 e6 10.h5 Qe7 11.e5 Ne8 12.Bxg7 Nxg7 13.hxg6 fxg6 14.exd6 cxd6  1/2-1/2

[Event "RUS-Cup03 (Geller mem)"]
[Site "Moscow"]
[Date "1999.02.07"]
[Round "6"]
[White "Vlassov, Nikolai"]
[Black "Loginov, Anton"]
[Result "0-1"]
[WhiteElo "2454"]
[BlackElo "2320"]

1.e4 g6 2.d4 Bg7 3.Nc3 d6 4.h4 Nf6 5.h5 Nxh5 6.g4 Nf6 7.g5 Ng8 8.Be3 a6 9.Qd2 b5
10.O-O-O e6 11.f3 Nd7 12.Re1 Bb7 13.Re2 Ne7 14.Nh3 c6 15.Reh2 Qc7 16.Nf2 f5
17.Rxh7 Kf7 18.exf5 exf5 19.Nd3 Rxh7 20.Rxh7 Nf8 21.Rh4 Rd8 22.Nf4 Qd7 23.d5 c5
24.Bh3 Qe8 25.Bf1 Kg8 26.a4 b4 27.Na2 Nc8 28.Bc4 Nb6 29.Bb3 Nxa4 30.Kb1 Nxb2
31.Bxc5 dxc5 32.d6+ c4 33.Qxb4 cxb3 34.Nc3 Qe1+ 35.Kxb2 Qxc3+ 36.Qxc3 Bxc3+
37.Kxc3 bxc2  0-1

[Event "RUS-Cup03 (Geller mem)"]
[Site "Moscow"]
[Date "1999.02.07"]
[Round "6"]
[White "Voitsekhovsky, Stanislav"]
[Black "Chepukaitis, Genrikh"]
[Result "1-0"]
[WhiteElo "2558"]
[BlackElo "2415"]

1.e4 g6 2.d4 Bg7 3.Nc3 d6 4.Bg5 Nd7 5.Nf3 h6 6.Be3 e6 7.g3 b6 8.Bg2 Ne7 9.O-O Bb7
10.Nd2 O-O 11.f4 Rb8 12.a4 a6 13.Nb3 Kh7 14.Qd3 Bc8 15.Rad1 b5 16.axb5 axb5
17.e5 Nf5 18.Bf2 b4 19.Ne4 Nb6 20.g4 Ne7 21.Bh4 Nbd5 22.Nf6+ Bxf6 23.exf6 Nc6
24.f5 Rg8 25.fxg6+ Rxg6 26.Be4 Qg8 27.Bg5 Qf8 28.Rf3 Kg8 29.Bxg6 hxg5 30.Bh7+ Kh8
31.Be4  1-0

[Event "Budapest FS02 IM"]
[Site "Budapest"]
[Date "1999.02.08"]
[Round "3"]
[White "Szuk, Balazs"]
[Black "Belotelov, Dimitri"]
[Result "1/2-1/2"]
[WhiteElo "2415"]
[BlackElo "2262"]

1.e4 g6 2.d4 Bg7 3.Nc3 d6 4.Be3 a6 5.Qd2 b5 6.f3 Nd7 7.g4 h5 8.gxh5 Rxh5
9.Nge2 e6 10.Ng3 Rh8 11.Bg5 Bf6 12.h4 Bb7 13.f4 Qe7 14.O-O-O Nb6 15.h5 Bxg5
16.fxg5 O-O-O 17.Be2 f6 18.hxg6 Rxh1 19.Rxh1 fxg5 20.Rh5 Nf6 21.Qxg5 Qg7
22.Rh4 Rg8 23.e5 dxe5 24.dxe5 Nfd7 25.Rh7 Qxe5 26.Qxe5 Nxe5 27.g7 Kd7 28.Nce4 Ke7
29.Ng5 Nf7 30.Nxf7 Kxf7 31.Nh5 Be4 32.Rh8 Nd5 33.Bg4 Ne7 34.Rh6 Ng6 35.Kd2 Rd8+
36.Kc3 c5 37.a3 a5 38.g8=Q+ Kxg8 39.Bxe6+ Kf8 40.Ng3 b4+ 41.axb4 cxb4+ 42.Kb3 Kg7
43.Rh5 a4+ 44.Kxa4 Bxc2+ 45.Kxb4 Nf4 46.Rh2 Bg6 47.Bc4 Kf6 48.Ne2 Rd2 49.Rf2 Rxb2+
50.Ka3 Rxe2 51.Bxe2 Ke5 52.Bc4 Bd3 53.Bb3 Be2 54.Rh2 Kd4 55.Rh4 Ke5 56.Kb4 Nd5+
57.Kc5 Nf4 58.Rh8 Nd3+ 59.Kb6 Nf4 60.Bc2 Bd3 61.Ba4 Bg6 62.Bb5 Nd5+ 63.Kc5 Nc7
64.Bc4 Ne6+ 65.Kb4 Nf4 66.Rg8 Kd4 67.Rd8+ Ke5 68.Kc3 Bh5 69.Kd2 Bg4 70.Ke3 Be6
71.Re8 Nd5+ 72.Bxd5 Kxd5 73.Kf4 Kd6 74.Rh8 Kc5 75.Ke5 Bc4 76.Rc8+ Kb4 77.Kd4 Be6
78.Rc6 Bf7 79.Rf6 Bg8 80.Rf2 Kb3 81.Rf3+  1/2-1/2

[Event "Goodricke 10th op"]
[Site "Calcutta"]
[Date "1999.02.08"]
[Round "3"]
[White "Ulibin, Mikhail"]
[Black "Laxman, RR."]
[Result "1-0"]
[WhiteElo "2550"]
[BlackElo "2265"]

1.d4 d6 2.e4 g6 3.Nc3 Bg7 4.Bg5 c6 5.Qd2 b5 6.f4 b4 7.Nce2 Qb6 8.Nf3 Bg4
9.O-O-O Nd7 10.h3 Bxf3 11.gxf3 e6 12.f5 exf5 13.exf5 Ngf6 14.fxg6 hxg6 15.Ng3 O-O
16.h4 Rfb8 17.h5 a5 18.Bh6 d5 19.Nf5 b3 20.cxb3 Bxh6 21.Qxh6 gxf5 22.Rg1+ Ng4
23.fxg4 f4 24.Bd3 Nf8 25.Qg5+  1-0

[Event "Malaga op"]
[Site "Malaga"]
[Date "1999.02.08"]
[Round "6"]
[White "Moreno, Javier"]
[Black "Vassallo, Mauricio"]
[Result "1/2-1/2"]
[WhiteElo "2449"]
[BlackElo "2381"]

1.e4 g6 2.d4 Bg7 3.Nc3 d6 4.Be3 a6 5.Nf3 Nd7 6.Bc4 e6 7.a4 b6 8.Bg5 Ne7 9.Qd2 h6
10.Be3 Bb7 11.h3 Nf6 12.d5 exd5 13.exd5 Nf5 14.Bf4 Nh5 15.Bh2 Nh4 16.Qe2+ Kf8
17.O-O Nxf3+ 18.Qxf3 Qf6 19.Qe2 Nf4 20.Qe4 g5 21.Rfe1 Ng6 22.Rad1 Kg8 23.Be2 Rf8
24.Bh5 Bc8 25.Qc4 Qd8 26.Re3 Kh7 27.Rde1 Re8 28.Bg3 Rxe3 29.Rxe3 Rf8 30.Qd3 f5
31.Ne2 Ne5 32.Bxe5  1/2-1/2

[Event "Budapest FS02 IM"]
[Site "Budapest"]
[Date "1999.02.09"]
[Round "4"]
[White "Farago, Sandor"]
[Black "Parkanyi, Attila"]
[Result "1-0"]
[WhiteElo "2314"]
[BlackElo "2362"]

1.e4 g6 2.d4 Bg7 3.Nc3 d6 4.Be3 Nf6 5.f3 Nbd7 6.Qd2 e5 7.Nge2 O-O 8.O-O-O Nb6
9.Ng3 exd4 10.Bxd4 Be6 11.b3 Qe7 12.Nce2 d5 13.e5 Nfd7 14.f4 f6 15.exf6 Nxf6
16.Kb1 c5 17.Bb2 Rad8 18.Re1 Qf7 19.Qa5 Nfd7 20.Bxg7 Qxg7 21.Nc1 Rde8 22.Bb5 a6
23.Be2 c4 24.Bf3 Kh8 25.Re2 Rxf4 26.Rhe1 Rf6 27.h4 h6 28.Re3 Qf7 29.h5 g5
30.Nh1 Rc8 31.Nf2 Bf5 32.R1e2  1-0

[Event "RUS-Cup03 (Geller mem)"]
[Site "Moscow"]
[Date "1999.02.09"]
[Round "8"]
[White "Khruschiov, Alexey"]
[Black "Chepukaitis, Genrikh"]
[Result "1-0"]
[WhiteElo "2271"]
[BlackElo "2415"]

1.e4 g6 2.d4 Bg7 3.Nc3 d6 4.f4 a6 5.Nf3 e6 6.Bd3 Ne7 7.O-O O-O 8.Be3 b6 9.Qe1 c5
10.dxc5 bxc5 11.Rd1 Qc7 12.Qh4 Nbc6 13.e5 dxe5 14.Bxc5 exf4 15.Ne4 f6 16.Bd6 Qa7+
17.Bc5 Qb8 18.Nd6 e5 19.Bc4+ Kh8 20.Nf7+ Rxf7 21.Bxf7 Bf5 22.Bb3 g5 23.Qe1 a5
24.a4 e4 25.Nd2 Qe5 26.Ba3 Qc7 27.Nxe4 Bg6 28.Nc5 Qb6 29.Kh1 Nf5 30.Rd7 Re8
31.Qf2 Ne5 32.Rb7 Qc6 33.Re1 Bf8 34.Rb5 Ng4 35.Qf1 Nfe3 36.Qe2 Bd6 37.Rxa5 Be4
38.Nxe4 Bxa3 39.Nxg5 fxg5 40.Rxg5 Nf6 41.Qd3 Be7 42.Qd4 h5 43.Rxh5+ Kg7 44.Rg5+  1-0

[Event "Goodricke 10th op"]
[Site "Calcutta"]
[Date "1999.02.10"]
[Round "5"]
[White "Shankar, Roy"]
[Black "Laxman, RR."]
[Result "1-0"]
[WhiteElo "2390"]
[BlackElo "2265"]

1.e4 g6 2.d4 Bg7 3.Nc3 d6 4.f4 c6 5.Nf3 Nd7 6.Be3 b5 7.e5 Nb6 8.b3 Nh6 9.Bd3 O-O
10.h3 a6 11.O-O Qc7 12.Ne4 f6 13.exd6 exd6 14.c4 Nf5 15.Bd2 b4 16.Bxb4 d5
17.Bxf8 dxe4 18.Bxg7 Ne3 19.Qe1 Qxf4 20.Bxf6 Bxh3 21.gxh3 exf3 22.Qh4 Qxh4
23.Bxh4  1-0

[Event "Goodricke 10th op"]
[Site "Calcutta"]
[Date "1999.02.10"]
[Round "5"]
[White "Neelotpal, Das"]
[Black "Koshy, Varugeese"]
[Result "1/2-1/2"]
[WhiteElo "2435"]
[BlackElo "2365"]

1.e4 g6 2.d4 Bg7 3.Nc3 d6 4.g3 e5 5.dxe5 dxe5 6.Qxd8+ Kxd8 7.Bc4 Be6 8.Bxe6 fxe6
9.h4 h6 10.Be3 Nc6 11.O-O-O+ Kc8 12.f3 Nf6 13.Nh3 Rf8 14.Ne2  1/2-1/2

[Event "Goodricke 10th op"]
[Site "Calcutta"]
[Date "1999.02.10"]
[Round "5"]
[White "Meera, Sai"]
[Black "Roktim, Bandyopadhyay"]
[Result "0-1"]
[WhiteElo "2110"]
[BlackElo "2370"]

1.e4 g6 2.d4 Bg7 3.Nc3 d6 4.h3 Nd7 5.Nf3 c5 6.Be3 cxd4 7.Bxd4 Ngf6 8.Bc4 O-O
9.O-O Qa5 10.a3 a6 11.Re1 Qc7 12.Ba2 e5 13.Be3 Nc5 14.Bg5 Be6 15.Qd2 Kh8
16.Bxe6 fxe6 17.Rad1 Rad8 18.Nh2 Qc6 19.Bxf6 Bxf6 20.Ng4 Bg7 21.Qg5 Rd7 22.b4 Na4
23.Nxa4 Qxa4 24.Rd3 Qxc2 25.Qd2 Qxd2 26.Rxd2 Rfd8 27.Rd3 Kg8 28.Kf1 Kf7 29.Rf3+ Ke7
30.Rc3 h5 31.Nh2 d5 32.Nf3 d4 33.Rc5 d3 34.Nxe5 Bxe5 35.Rxe5 d2 36.Rd1 Rd3
37.Ke2 Rxa3 38.Rxd2 Rxd2+ 39.Kxd2 Rb3 40.Rg5 Kf6 41.Rc5 Rxb4 42.f3 Rb2+ 43.Ke3 Rxg2
44.Rc7 Rb2 45.f4 e5 46.fxe5+ Kxe5 47.Rc5+ Ke6 48.Kf4 Rb5 49.Rc7 g5+ 50.Ke3 a5
51.Rh7 a4 52.Rxh5 a3 53.Rh8 Ra5 54.Rh6+ Kf7 55.Rh7+ Kg6  0-1

[Event "Goodricke 10th op"]
[Site "Calcutta"]
[Date "1999.02.10"]
[Round "5"]
[White "Bakre, Tejas"]
[Black "Ehlvest, Jaan"]
[Result "0-1"]
[WhiteElo "2330"]
[BlackElo "2590"]

1.e4 g6 2.d4 d6 3.Nc3 Bg7 4.Be3 a6 5.Qd2 b5 6.f3 Nd7 7.Nh3 c5 8.Nf2 Bb7 9.Be2 cxd4
10.Bxd4 Ngf6 11.g4 h6 12.h4 e5 13.Be3 b4 14.Ncd1 d5 15.g5 Nh5 16.exd5 Ng3
17.Ne4 Nxh1 18.Nd6+ Kf8 19.Nxb7 Qb8 20.Qxb4+ Kg8 21.c4 hxg5 22.hxg5 Rh4 23.Qb3 e4
24.f4 Ng3 25.c5 Rh1+ 26.Kd2 Nxc5 27.Nxc5 Qc7 28.Qb7 Qd8 29.Nd7 Rc8 30.Nb6 Rb8
31.Qc6 Nf5 32.Bc5 Bd4 33.Nc4 Rc8 34.Bb6 Bxb6 35.Qxb6 Qxd5+ 36.Kc3 Qb5 37.Qxb5 axb5
38.a4 bxc4 39.a5 Rh3+ 40.Kb4 Nd4  0-1

[Event "RUS-Cup03 (Geller mem)"]
[Site "Moscow"]
[Date "1999.02.11"]
[Round "2"]
[White "Moiseenko, Alexander"]
[Black "Rustemov, Alexander"]
[Result "1-0"]
[WhiteElo "2419"]
[BlackElo "2539"]

1.d4 g6 2.e4 Bg7 3.Nc3 d6 4.Be3 a6 5.Bc4 b5 6.Bb3 Bb7 7.Nf3 e6 8.d5 e5 9.a4 b4
10.Na2 Nf6 11.Nd2 c5 12.O-O a5 13.Bc4 O-O 14.Nc1 Nbd7 15.Nd3 Nb6 16.Bb5 Qc7
17.c3 Nxe4 18.Nxe4 Nxd5 19.Bd2 c4 20.Nc1 Nb6 21.Ng3 b3 22.f4 f5 23.Nce2 Rac8
24.Qe1 Nd5 25.Qf2 Ba8 26.Rad1 Qb7 27.Bc1 Kh8 28.h3 Rf7 29.fxe5 dxe5 30.Ne4 Bf8
31.Kh1 h6 32.Qg3 Kh7 33.Qxe5 fxe4 34.Be8 Re7 35.Bxg6+ Kxg6 36.Qf5+ Kg7 37.Qg4+ Kh8
38.Rxd5 Rg7 39.Qe6 Qc6 40.Qxc6 Bxc6 41.Rdf5 Rg8 42.Be3 Bxa4 43.Rxa5 Be8 44.Ra7 Bg7
45.Nd4 Rd8 46.Ne6 Rd7 47.Nxg7 Rxa7 48.Nxe8 Rd7 49.Nf6 Rf8 50.Kg1 Rd3 51.Bd4 Rxd4
52.cxd4 c3 53.bxc3 e3 54.Rb1 Rxf6 55.Rxb3 Rf2 56.c4 Rc2 57.Rxe3 Rxc4 58.Rd3 Kg7
59.d5 Kf7 60.d6 Ke8 61.d7+ Kd8 62.Kf2 h5 63.g3 Ra4 64.Kf3 Rb4 65.g4 h4 66.g5 Ra4
67.Rd5  1-0

[Event "Budapest FS02 IM"]
[Site "Budapest"]
[Date "1999.02.12"]
[Round "7"]
[White "Parkanyi, Attila"]
[Black "Belotelov, Dimitri"]
[Result "1-0"]
[WhiteElo "2362"]
[BlackElo "2262"]

1.e4 g6 2.d4 Bg7 3.Nc3 d6 4.Be3 a6 5.Qd2 b5 6.f3 Nd7 7.O-O-O Nb6 8.b3 b4
9.Nce2 a5 10.Kb1 c6 11.g4 h5 12.gxh5 Rxh5 13.Ng3 Rh8 14.h4 Nf6 15.N1e2 Qc7
16.Nf4 Bd7 17.h5 g5 18.Nd3 g4 19.f4 Ng8 20.f5 Nh6 21.Be2 Qa7 22.Rdf1 Kd8
23.Nc1 Kc7 24.Bg5 f6 25.Bf4 a4 26.Bd3 e5 27.fxe6 Bxe6 28.Re1 Qa5 29.Rhf1 f5
30.d5 Bc3 31.Qh2 Bxd5 32.Bxd6+ Kb7 33.exd5 Nxd5 34.Re6 Rhe8 35.Rxh6 Be5 36.Rh7+ Kb6
37.Nxf5  1-0

[Event "Goodricke 10th op"]
[Site "Calcutta"]
[Date "1999.02.12"]
[Round "7"]
[White "Deshmukh, Anup"]
[Black "Koshy, Varugeese"]
[Result "0-1"]
[WhiteElo "2430"]
[BlackElo "2365"]

1.e4 g6 2.d4 Bg7 3.Nc3 d6 4.Be3 c6 5.a4 Nd7 6.Nf3 Ngf6 7.h3 Qc7 8.Qd2 O-O
9.Bh6 e5 10.Bxg7 Kxg7 11.O-O-O a6 12.g4 Re8 13.Be2 b5 14.dxe5 dxe5 15.g5 Nh5
16.Qd6 Ra7 17.Qxc7 Rxc7 18.axb5 axb5 19.b4 Nf4 20.Bf1 h6 21.gxh6+ Kxh6 22.Nd2 Nf6
23.Nb3 Kg7 24.Na5 Rh8 25.Rd6 Bd7 26.f3 Rhc8 27.Rh2 Be6 28.Rhd2 Bxh3 29.Bxh3 Nxh3
30.Kb2 Ng5 31.R2d3 Ne6 32.Rxe6 fxe6 33.Nb3 Rd7 34.Re3 Rd6 35.Ne2 Nd7 36.Rc3 Nb6
37.Rd3 Nc4+ 38.Kc3 Rf8 39.Nec1 Rxd3+ 40.Nxd3 Rxf3 41.Na5 Nd6 42.Nxc6 Nxe4+
43.Kb2 Nd6 44.Ndxe5 Re3  0-1

[Event "Goodricke 10th op"]
[Site "Calcutta"]
[Date "1999.02.14"]
[Round "9"]
[White "Bakre, Tejas"]
[Black "Koshy, Varugeese"]
[Result "1/2-1/2"]
[WhiteElo "2330"]
[BlackElo "2365"]

1.e4 g6 2.d4 Bg7 3.Nc3 d6 4.Be3 c6 5.Qd2 Nd7 6.f3 b5 7.Nh3 Nb6 8.Nf2 h5 9.a4 b4
10.Ncd1 a5 11.c3 bxc3 12.bxc3 Nf6 13.Nb2 Qc7 14.Be2 e5 15.O-O O-O 16.dxe5 dxe5
17.Rfd1 Be6 18.Qd6 Qb7 19.Nfd3 Nfd7 20.Nc5 Nxc5 21.Qxc5 Rfb8 22.Qxb6 Qxb6
23.Bxb6 Rxb6 24.Nc4 Rb3 25.Rd6 Rc8 26.Rc1 Bh6 27.Rc2 Rb1+ 28.Kf2 Bf8 29.Rxe6 fxe6
30.Nxa5 h4 31.g3 Bc5+ 32.Kg2 hxg3 33.hxg3 Rg1+ 34.Kh3 Kg7 35.Bc4 Kf6 36.Kg4 g5
37.Rh2 Bf8 38.Rh5 Ra8 39.Nxc6 Rxa4 40.Bb5 Ra3 41.Nb8 Rd1 42.Nd7+ Rxd7 43.Bxd7 Rxc3
44.Rxg5 Ke7 45.Bb5 Rc5 46.Bf1 Rc1 47.Bh3 Kf6 48.Rh5 Re1 49.Rh7 Bg7 50.Rh5  1/2-1/2

[Event "Budapest FS02 IM"]
[Site "Budapest"]
[Date "1999.02.15"]
[Round "10"]
[White "Jamrich, Gyorgy"]
[Black "Parkanyi, Attila"]
[Result "1/2-1/2"]
[WhiteElo "2294"]
[BlackElo "2362"]

1.e4 g6 2.d4 Bg7 3.Nc3 d6 4.Bg5 c5 5.dxc5 Qa5 6.Bd2 Qxc5 7.Nge2 Nf6 8.Nf4 O-O
9.Be2 Nc6 10.O-O Qb6 11.Qc1 Bd7 12.Be3 Qa5 13.Rd1 Rfe8 14.Nfd5 Rac8 15.a3 Nxd5
16.exd5 Ne5 17.Bd4 Bf5 18.Qd2 a6 19.Rac1 b5 20.Qe3 Qc7 21.h3 h5 22.f4 Nc4
23.Bxc4 Qxc4 24.Bxg7 Kxg7 25.Rd2 Kg8 26.Ne2 e5 27.dxe6 Rxe6 28.Qf2 Be4 29.Nd4 Rf6
30.c3 d5 31.Qh4 Kg7 32.Rf1 Qc5 33.Rff2 a5 34.Qg5 b4 35.axb4 axb4 36.cxb4 Qxb4
37.Qe5 Qb8 38.Qxb8 Rxb8 39.Ne2 Rb3 40.Nc3 Rfb6 41.Nxd5  1/2-1/2

[Event "Zuglo Hotel op"]
[Site "Budapest"]
[Date "1999.02.19"]
[Round "1"]
[White "Antal, Gergely"]
[Black "Fliszar, Dezso"]
[Result "1-0"]
[WhiteElo "2257"]
[BlackElo "2013"]

1.e4 g6 2.d4 d6 3.Nc3 Bg7 4.f4 c6 5.Bc4 Qb6 6.Nge2 Bg4 7.Qd3 Bxe2 8.Nxe2 Nf6
9.e5 Nd5 10.Bxd5 cxd5 11.Nc3 e6 12.Bd2 Bf8 13.O-O Nc6 14.Be3 O-O-O 15.a4 a6
16.Ne2 Qc7 17.c3 Ne7 18.Bf2 h5 19.Rfc1 Qc4 20.Qc2 Kb8 21.b3 Qc7 22.Bh4 Rd7
23.Bf6 Rg8 24.exd6 Rxd6 25.Be5 Nc6 26.Bxd6 Bxd6 27.Qd2 g5 28.Rf1 Ne7 29.Kh1 Nf5
30.Rf2 h4 31.fxg5 Bxh2 32.Nf4 Bg3 33.Rf3 Bxf4 34.Qxf4 Qxf4 35.Rxf4 Rxg5 36.Rf3 Kc7
37.Kg1 Kd6 38.Kf2 f6 39.Rd1 Ng3 40.Rg1 Nf5 41.Rd3 Rg4 42.Kf3 Rg3+ 43.Ke2 Rg4
44.Rf3 Ke7 45.Kd3 Kd6 46.a5 Kd7 47.Kd2 Kd6 48.Kc2 Ke7 49.b4 Kd6 50.Kb3 Rg5
51.b5 axb5 52.Kb4 e5 53.Rgf1 Ke6 54.Kc5 e4 55.R3f2 e3 56.Re2 Nd6 57.Rxe3+ Ne4+
58.Kb6 Rxg2 59.Rf4 Ra2 60.Rxh4  1-0

[Event "Zuglo Hotel op"]
[Site "Budapest"]
[Date "1999.02.21"]
[Round "3"]
[White "Juracsik, Jozsef"]
[Black "Fliszar, Dezso"]
[Result "1-0"]
[WhiteElo "2210"]
[BlackElo "2013"]

1.e4 d6 2.d4 g6 3.Nc3 Bg7 4.Be3 c6 5.Qd2 Qc7 6.f3 Nd7 7.h4 h5 8.Nh3 f6 9.Nf4 Nf8
10.d5 Bd7 11.O-O-O Nh6 12.Qf2 Kf7 13.dxc6 bxc6 14.Bc4+ e6 15.Qd2 d5 16.exd5 cxd5
17.Bxd5 Rb8 18.Bb3 Nf5 19.Bf2 Bh6 20.g3 Rxb3 21.axb3 e5 22.Kb1 exf4 23.Nd5 Qc6
24.gxf4 Be6 25.Bxa7 Nd7 26.Bf2 Ra8 27.Rhe1 Qa6 28.c4 Qa2+ 29.Kc2 Rb8 30.Nb4 Nd4+
31.Bxd4 Bf5+ 32.Re4 Qa5 33.Nd5 Qxd2+ 34.Rxd2 Ne5 35.fxe5  1-0

[Event "BL2-O9899"]
[Site "Germany"]
[Date "1999.02.21"]
[Round "6.6"]
[White "Doeres, Hans Juergen"]
[Black "Kuraszkiewicz, Michael"]
[Result "0-1"]
[WhiteElo "2250"]
[BlackElo "2330"]

1.e4 g6 2.d4 Bg7 3.Nc3 d6 4.g3 Nf6 5.Bg2 O-O 6.Nge2 e5 7.h3 Nc6 8.Be3 Re8
9.O-O exd4 10.Nxd4 Bd7 11.Qd2 a6 12.Rad1 Ne5 13.Qe2 b5 14.a3 c5 15.Nf3 b4
16.Nxe5 Rxe5 17.f4 Re8 18.Rxd6 bxc3 19.e5 cxb2 20.Bxa8 Qxa8 21.Kh2 Qe4 22.Rb1 Nd5
23.Qd2 Nxe3 24.Rxd7 Qf3 25.e6 Rxe6 26.Rd8+ Bf8  0-1

[Event "BL2-W9899"]
[Site "Germany"]
[Date "1999.02.21"]
[Round "6.8"]
[White "Grosse Kloenne, Elmar"]
[Black "Oswald, Hans Joachim"]
[Result "1/2-1/2"]
[WhiteElo "2263"]
[BlackElo "2295"]

1.e4 g6 2.d4 Bg7 3.Nc3 d6 4.f4 Nf6 5.Nf3 c6 6.Be3 O-O 7.Qd2 b5 8.Bd3 Bb7
9.e5 b4 10.Ne2 Nd5 11.Bf2 Nd7 12.O-O Qc7 13.Bg3 c5 14.c4 bxc3 15.bxc3 Qa5
16.exd6 exd6 17.f5 cxd4 18.cxd4 Qxd2 19.Nxd2 Nc3 20.Nb3 Nxe2+ 21.Bxe2 a5
22.Bxd6 a4 23.Bxf8 Rxf8 24.f6 Bxf6 25.Rxf6 Nxf6 26.Nc5 Bc6 27.Rb1 Nd7 28.Nxd7 Bxd7
29.Rb7 Be6 30.a3 Rd8 31.Rb4 Bb3 32.Bb5 Ra8 33.Bc6 Ra5 34.Kf2 Kg7 35.Ke3 Kf6
36.g3 h5 37.Kd3 h4 38.Ke3  1/2-1/2

[Event "Zuglo Hotel op"]
[Site "Budapest"]
[Date "1999.02.25"]
[Round "7"]
[White "Balogh, Csaba"]
[Black "Parkanyi, Attila"]
[Result "0-1"]
[WhiteElo "2135"]
[BlackElo "2362"]

1.e4 g6 2.d4 Bg7 3.Nc3 d6 4.Be3 Nf6 5.f3 Nbd7 6.Qd2 e5 7.Nge2 O-O 8.O-O-O Qe7
9.d5 Nb6 10.Ng3 Rd8 11.Bh6 Bh8 12.h4 c6 13.h5 Bd7 14.Qg5 Re8 15.Qh4 Bg7 16.Bxg7 Kxg7
17.hxg6 fxg6 18.Be2 Kg8 19.Rd2 Rac8 20.Rhd1 c5 21.Qg5 Qg7 22.Bb5 a6 23.Bxd7 Nbxd7
24.Rh1 b5 25.Qh6 Qf7 26.Qg5 Kh8 27.Rh6 c4 28.Rd1 b4 29.Na4 Rg8 30.Rdh1 Rg7
31.Kb1 a5 32.Qe3 Nc5 33.Nb6 Rf8 34.Nxc4 Qc7 35.Nd2 a4 36.Qe2 Rb8 37.Qc4 Qd8
38.Ndf1 b3 39.cxb3 axb3 40.a3 Nfd7 41.Ne3 Qg5 42.Ng4 Nf8 43.Qc1 Qe7 44.Qe3 Rc8
45.Rc1 Nfd7 46.Qd2 Nb6 47.Qa5 Nba4 48.Qb5 Qg5 49.Qe2 Qxc1+ 50.Kxc1 Nxe4+
51.Kd1 Nec3+ 52.bxc3 b2 53.Qc2 Nxc3+ 54.Ke1 b1=Q+ 55.Qxb1 Nxb1 56.Ne4 Nxa3
57.Ngf6 Rf8 58.g4 Nb5 59.Kf2 Nc3 60.g5 Nxe4+ 61.Nxe4 Rgf7 62.Rh3 Rd7 63.Ke3 Kg7
64.Kf2 Rf5 65.Ke3 Rf4 66.Ke2 Kf8 67.Ke3 Rff7 68.Ke2 Ke7 69.Ke3 Ra7 70.Kf2 Ra2+
71.Kg3 Ra5 72.Nf6 Rxf6  0-1

[Event "Belisce Metalis op 6th"]
[Site "Belisce"]
[Date "1999.02.27"]
[Round "7"]
[White "Palac, Mladen"]
[Black "Kutuzovic, Branko"]
[Result "1-0"]
[WhiteElo "2589"]
[BlackElo "2465"]

1.e4 g6 2.d4 Bg7 3.Nc3 d6 4.Be3 Nc6 5.d5 Nb8 6.Qd2 c6 7.Nf3 Nf6 8.h3 Nbd7
9.Be2 cxd5 10.exd5 Nc5 11.O-O O-O 12.Bd4 Bf5 13.Rfe1 Nce4 14.Nxe4 Bxe4 15.c4 Bxf3
16.Bxf3 Nd7 17.Bxg7 Kxg7 18.Bd1 Nb6 19.Rc1 Rc8 20.Rc3 Rc7 21.b3 Kg8 22.h4 Kh8
23.h5 Rg8 24.hxg6 Rxg6 25.Bc2 Rg7 26.Rh3 Qg8 27.Bxh7 Rxh7 28.Ree3 Qg6 29.Qc3+ Qf6
30.Qxf6+ exf6 31.Re8+ Kg7 32.Rg3+ Kh6 33.Reg8  1-0

[Event "AUT-chT2M 9899"]
[Site "Austria"]
[Date "1999.02.28"]
[Round "9"]
[White "Wallner, Alfred"]
[Black "Hainzinger, Johann"]
[Result "1/2-1/2"]
[WhiteElo "2270"]
[BlackElo "2065"]

1.e4 g6 2.d4 Bg7 3.Nc3 d6 4.Nf3 Nd7 5.Bc4 e6 6.Bf4 a6 7.a4 Ne7 8.Qd2 h6 9.O-O g5
10.Bg3 Ng6 11.h3 O-O 12.Rad1 e5 13.dxe5 Ndxe5 14.Nxe5 Nxe5 15.Be2 Ng6 16.Bh5 Be6
17.Nd5 Bxd5 18.Qxd5 Nf4 19.Bxf4 gxf4 20.Qxb7 Rb8 21.Qxa6 Rxb2 22.Qc4 Qg5
23.Rd5 Be5 24.Bf3 c5 25.Rd3 Rb4 26.Qa6 Rfb8 27.c3 Rb3 28.Bd1 Rxc3 29.Rxc3 Bxc3
30.Qxd6 Rd8 31.Qa6 Rd2 32.e5 Bxe5 33.Qc6 Bd4 34.Bb3 Kg7 35.Qb7 Qf6 36.a5 Rb2
37.Qd5 f3 38.gxf3 Qg6+ 39.Kh1 Rxf2 40.Rxf2 Bxf2 41.Qe5+ Kh7 42.Qe4 f5 43.Qb7+ Kh8
44.Qb8+ Kh7 45.Qb7+  1/2-1/2

[Event "AUT-chT2M 9899"]
[Site "Austria"]
[Date "1999.02.28"]
[Round "9"]
[White "Doppelhammer, Herbert"]
[Black "Loeffler, Christoph"]
[Result "1/2-1/2"]
[WhiteElo "2130"]
[BlackElo "2055"]

1.d4 g6 2.e4 Bg7 3.Nc3 d6 4.Nf3 Nf6 5.Be2 O-O 6.O-O c6 7.a4 Nbd7 8.Be3 Ng4
9.Bc1 c5 10.h3 cxd4 11.Nxd4 Nge5 12.Be3 Nc6 13.Qd2 Nf6 14.f4 Qa5 15.Bf3 Bd7
16.Nb3  1/2-1/2

[Event "Oberliga Sued W9899"]
[Site "Wuertemberg"]
[Date "1999.02.28"]
[Round "7"]
[White "Lach, Bernhard"]
[Black "Held, Paul"]
[Result "0-1"]
[WhiteElo "2250"]
[BlackElo "2295"]

1.e4 g6 2.d4 Bg7 3.Nc3 d6 4.Nge2 a6 5.a4 b6 6.g3 Bb7 7.Bg2 Nd7 8.O-O e6 9.Be3 Ne7
10.Qd2 h6 11.Rae1 d5 12.exd5 exd5 13.Nc1 Nf6 14.Bf4 Nh5 15.Be5 O-O 16.Bxg7 Kxg7
17.Re5 Nf6 18.Rfe1 Nc6 19.R5e2 Qd6 20.Nb3 Rad8 21.Re5 Nb4 22.h3 Ba8 23.R1e2 c5
24.f4 Rd7 25.g4 Rfd8 26.Qe3 c4 27.Nc1 Ne4 28.f5 g5 29.f6+ Qxf6 30.Rf5 Qd6
31.Bxe4 dxe4 32.Ref2 Re8 33.N1e2 Nxc2 34.Qd2 e3 35.Qxc2 exf2+ 36.Rxf2 b5
37.axb5 axb5 38.Qf5 b4 39.Nb5 Qe6 40.Qc5 Qe4 41.Ng3 Qe1+ 42.Nf1 Re2  0-1

[Event "ISL-chT9899"]
[Site "Reykjavik"]
[Date "1999.03.05"]
[Round "?"]
[White "Jensson, Einar Hjalti"]
[Black "Hjartarson, Johann"]
[Result "0-1"]
[WhiteElo "2209"]
[BlackElo "2630"]

1.e4 g6 2.d4 Bg7 3.Nc3 d6 4.Be3 a6 5.a4 Nf6 6.f3 O-O 7.Nge2 Nbd7 8.Qd2 c5
9.Bh6 Qa5 10.h4 cxd4 11.Nxd4 Bxh6 12.Qxh6 Qb4 13.O-O-O Nc5 14.Nd5 Nxd5 15.exd5 f6
16.Qe3 Bd7 17.h5 g5 18.Bd3 Rac8 19.b3 b5 20.axb5 axb5 21.Qe1 Nxb3+ 22.Nxb3 Qxb3
23.Qxe7 Qa3+ 24.Kd2 Qc3+ 25.Kc1 Qa1+ 26.Kd2 Qc3+ 27.Kc1 Rf7 28.Qe1 Qa3+ 29.Kd2 b4
30.Rb1 Re8 31.Qc1 Qa5 32.Qb2 Qc5 33.Qxb4 Qf2+ 34.Kc3 Qxg2 35.Qxd6 Rc8+ 36.Kb2 Ba4
37.Qe6 Rb8+ 38.Kc3 Re8 39.Bxh7+ Kf8 40.Qd6+ Kg7 41.Rh2 Qxf3+ 42.Bd3 Rc8+
43.Kd2 Bxc2 44.h6+ Kh8 45.Bxc2 Qc3+ 46.Kc1 Qe1+ 47.Kb2 Rb7+ 48.Bb3 Qc3+  0-1